000 00951 a2200241 4500
005 20250508120914.0
020 _a0387971521 (v. 2 : alk. paper)
050 0 0 _aQA303
_bCOU 1989
100 1 _aCourant, Richard,
_d1888-1972.
245 1 0 _aIntroduction to calculus and analysis Volume 11 /
_cRichard Courant, Fritz John.
264 _aNew York :
_bSpringer,
_cc.1989
300 _avolume 11.954 pages
_billustrations
336 _2rdacontent
_atext
_btxt
337 _2rdamedia
_aunmediated
_bn
338 _2rdacarrier
_avolume
_bnc
500 _a
500 _aReprint. Originally published: New York : Interscience Publishers, 1965.
650 0 _aCalculus.
650 0 _aMathematical analysis.
700 0 _aJohn, Fritz,
_d1910-1994.
700 1 _aCourant, Richard,
_d1888-1972.
_t
942 _2lcc
_cBK
_h303
_iCOU
_kQA
999 _c11528
_d11528